Book Or Movie? - Statistics

General Stats
  • This quiz has been taken 45 times
  • The average score is 21 of 31
Answer Stats
Hint Answer % Correct
Harry Potter Both
92%
Avatar Movie
92%
Zootopia Movie
92%
Lord of the Rings Both
87%
Alice In Wonderland Both
87%
Frozen Movie
87%
The Hunger Games Both
85%
The Very Hungry Caterpillar Book
82%
The Wizard Of Oz Both
82%
Pirates of the Carribean Movie
82%
Despicable Me Movie
82%
To Kill a Mockingbird Both
79%
Dune Both
77%
Percy Jackson Both
77%
The Hitchhiker's Guide to the Galaxy Both
77%
Titanic Movie
77%
The Matrix Movie
74%
Inception Movie
74%
Where The Sidewalk Ends Book
72%
The Bible Book
69%
Divergent Both
67%
The Lion King Movie
64%
Amber Spyglass Book
59%
Sweet Valley High Book
56%
Star Wars Movie
54%
The Gruffalo Book
51%
The Alchemist Book
49%
New Moon Book
31%
Jaws Both
31%
Outlander Book
26%
Shrek Both
21%
No matching quizzes found
Score Distribution
Percent of People with Each Score
Percentile by Number Answered
Your Score History
You have not taken this quiz